000
00249nam a2200109Ia 4500
008
231011s9999 xx 000 0 und d
041
_a
eng
100
_a
Blair G.R
245
_a
What Are Your Goals
260
_b
Wharton Pub Delmar -
365
_b
565
999
_c
885578
_d
885578